| 000 | 00843nam a2200289Ia 4500 | ||
|---|---|---|---|
| 003 | OSt | ||
| 005 | 20221006155801.0 | ||
| 006 | a|||||r|||| 00| 0 | ||
| 007 | ta | ||
| 008 | 221006b |||||||| |||| 00| 0 eng d | ||
| 020 | _a9780140446517 | ||
| 024 | _a43,500 | ||
| 037 |
_b306, 08/03/2013, Dhanraj Book House _cTextual |
||
| 040 |
_aEASL _cEASL _beng |
||
| 041 |
_2eng _aeng |
||
| 082 | _aO:gxD2, P0 | ||
| 100 |
_aMurray Penelope Tr. _9670380 |
||
| 245 | 0 | _aClassical Literary Criticism | |
| 260 |
_aLondon _bPenguin Books England _c2000 |
||
| 300 |
_a252p. _ccm. |
||
| 650 |
_a Aristotle _9416435 |
||
| 650 | _a Gen | ||
| 650 | _aPlato | ||
| 700 | _a Dorsch T. S. Tr. | ||
| 942 |
_hO:gxD2, P0 _cTEXL _2CC |
||
| 999 |
_c1111586 _d1111586 |
||